STUDY OF BUSINESS DECISIONS UNDER UNCERT (Record no. 29301)
[ view plain ]
| 000 -LEADER | |
|---|---|
| fixed length control field | 00344nam a2200133Ia 4500 |
| 008 - FIXED-LENGTH DATA ELEMENTS--GENERAL INFORMATION | |
| fixed length control field | 240624s9999 xx 000 0 und d |
| 041 ## - LANGUAGE CODE | |
| Language code of text/sound track or separate title | eng |
| 082 ## - DEWEY DECIMAL CLASSIFICATION NUMBER | |
| Classification number | 658.403 STA |
| 100 ## - MAIN ENTRY--PERSONAL NAME | |
| Personal name | STARK ANDREAS |
| 245 ## - TITLE STATEMENT | |
| Title | STUDY OF BUSINESS DECISIONS UNDER UNCERT |
| 260 ## - PUBLICATION, DISTRIBUTION, ETC. | |
| Date of publication, distribution, etc. | 2010 |
| Place of publication, distribution, etc. | Florida |
| Name of publisher, distributor, etc. | Dissertation.com |
| 300 ## - PHYSICAL DESCRIPTION | |
| Extent | 406 p.; 25 cm. |
| 365 ## - TRADE PRICE | |
| Currency code | |
| Price amount | 38 |
| Withdrawn status | Lost status | Damaged status | Not for loan | Home library | Current library | Shelving location | Date acquired | Cost, normal purchase price | Full call number | Barcode | Date last seen | Copy number | Price effective from | Koha item type |
|---|---|---|---|---|---|---|---|---|---|---|---|---|---|---|
| IMTN | IMTN | Rack 26-B | 09/11/2017 | 29.95 | 658.403 STA | 29301 | 06/24/2024 | 66.7 | 06/24/2024 | Books |